书目信息 |
| 题名: |
最新夏利轿车实用维修与故障排除
|
|
| 作者: | 朱玉平 , 康宏卓 主编 | |
| 分册: | ||
| 出版信息: | 北京 国防工业出版社 2007.04 |
|
| 页数: | 262页 | |
| 开本: | 26cm | |
| 丛书名: | ||
| 单 册: | ||
| 中图分类: | U469.110 | |
| 科图分类: | ||
| 主题词: | 轿车--jiao che--车辆修理 | |
| 电子资源: | ||
| ISBN: | 978-7-118-05069-1 | |
| 000 | 00978nam0 2200253 450 | |
| 001 | 012008712546 | |
| 005 | 20080603103010.10 | |
| 010 | @a978-7-118-05069-1@dCNY29.00 | |
| 100 | @a20080603d2007 em y0chiy0120 ea | |
| 101 | 0 | @achi |
| 102 | @aCN@b110000 | |
| 105 | @aak z 000yy | |
| 106 | @ar | |
| 200 | 1 | @a最新夏利轿车实用维修与故障排除@Azui xin xia li jiao che shi yong wei xiu yu gu zhang pai chu@f朱玉平, 康宏卓主编@Fzhu yu ping,kang hong zhuo zhu bian |
| 210 | @a北京@c国防工业出版社@d2007.04 | |
| 215 | @a262页@c图@d26cm | |
| 330 | @a本书以使用维修等实用技术为主,重点介绍了376QE型、8A型电控燃油喷射发动机的结构、故障诊断、拆装及检修方法等内容。 | |
| 517 | 1 | @a夏利轿车实用维修与故障排除@Axia li jiao che shi yong wei xiu yu gu zhang pai chu |
| 606 | 0 | @a轿车@Ajiao che@x车辆修理 |
| 690 | @aU469.110@v4 | |
| 701 | 0 | @a朱玉平@Azhu yu ping@4主编 |
| 701 | 0 | @a康宏卓@Akang hong zhuo@4主编 |
| 801 | 0 | @aCN@bQSSK@c20080603 |
| 905 | @b723166-68@dU469.110@eZ894@f3 | |
| 最新夏利轿车实用维修与故障排除/朱玉平, 康宏卓主编.-北京:国防工业出版社,2007.04 |
| 262页:图;26cm |
| ISBN 978-7-118-05069-1:CNY29.00 |
| 本书以使用维修等实用技术为主,重点介绍了376QE型、8A型电控燃油喷射发动机的结构、故障诊断、拆装及检修方法等内容。 |
| ● |
| 相关链接 |
|
|
|
正题名:最新夏利轿车实用维修与故障排除
索取号:U469.110/Z894
 
预约/预借
| 序号 | 登录号 | 条形码 | 馆藏地/架位号 | 状态 | 备注 |
| 1 | 723166 | 207231663 | 期刊室512/501自科库 56排4列5层/ [索取号:U469.110/Z894] | 在馆 | |
| 2 | 723167 | 207231672 | 自科库501/501自科库 56排5列4层/ [索取号:U469.110/Z894] | 在馆 | |
| 3 | 723168 | 207231681 | 自科库501/501自科库 56排5列4层/ [索取号:U469.110/Z894] | 在馆 |